El Barón Bagge / (Record no. 39510)
[ view plain ]
| 000 -CABECERA | |
|---|---|
| campo de control de longitud fija | 00630nam a2200169 a 4500 |
| 001 - NÚMERO DE CONTROL | |
| campo de control | 000040020 |
| 005 - FECHA Y HORA DE LA ÚLTIMA TRANSACCIÓN | |
| campo de control | 20201002033852.0 |
| 008 - DATOS DE LONGITUD FIJA--INFORMACIÓN GENERAL | |
| campo de control de longitud fija | 130802s2007 mx 000 0 spa d |
| 020 ## - NÚMERO INTERNACIONAL ESTÁNDAR DEL LIBRO | |
| Número Internacional Estándar del Libro | 9789703204724 |
| 040 ## - FUENTE DE LA CATALOGACIÓN | |
| Centro catalogador/agencia de origen | DO-SdBNP |
| Lengua de catalogación | spa |
| Centro/agencia transcriptor | BNPHU |
| 100 1# - ENTRADA PRINCIPAL--NOMBRE DE PERSONA | |
| Nombre de persona | Lernet-Holenia, Alexander |
| Fechas asociadas al nombre | 1897-1976 |
| 9 (RLIN) | 66252 |
| 245 13 - MENCIÓN DE TÍTULO | |
| Título | El Barón Bagge / |
| Mención de responsabilidad, etc. | Alexander Lernet-Holenia ; introducción y traducción de Héctor Orestes Aguilar. |
| 260 ## - PUBLICACIÓN, DISTRIBUCIÓN, ETC. | |
| Lugar de publicación, distribución, etc. | México : |
| Nombre del editor, distribuidor, etc. | Universidad Nacional Autónoma de México, |
| Fecha de publicación, distribución, etc. | 2007. |
| 490 1# - MENCIÓN DE SERIE | |
| Mención de serie | Relato Licenciado Vidriera |
| Designación de volumen o secuencia | 48 |
| 700 1# - PUNTO DE ACCESO ADICIONAL--NOMBRE DE PERSONA | |
| Nombre de persona | Aguilar, Héctor Orestes |
| 9 (RLIN) | 66253 |
| 830 #0 - PUNTO DE ACCESO ADICIONAL DE SERIE-TÍTULO UNIFORME | |
| Título uniforme | Relato Licenciado Vidriera |
| Designación de volumen o secuencia | 48 |
| 9 (RLIN) | 66234 |
| Estado de retiro | Estado de pérdida | Restricciones de uso | No para préstamo | Código de colección | Localización permanente | Ubicación/localización actual | Ubicación en estantería | Fecha de adquisición | Número de inventario | Total de préstamos | Signatura topográfica completa | Código de barras | Fecha visto por última vez | Precio válido a partir de | Tipo de ítem Koha | Número de copia |
|---|---|---|---|---|---|---|---|---|---|---|---|---|---|---|---|---|
| Excluido de préstamo | Monografías: Libros y Folletos | General | General | En catalogación | 02.08.2013 | LF1 | 40020-10 | 25.06.2020 | 25.06.2020 | No se presta | ||||||
| Préstamo interno | Monografías: Libros y Folletos | General | General | En catalogación | 02.08.2013 | LF1 | 40020-20 | 25.06.2020 | 25.06.2020 | Préstamo interno | e. 3 | |||||
| Excluido de préstamo | Monografías: Libros y Folletos | General | General | En catalogación | 02.08.2013 | LF1 | 40020-30 | 25.06.2020 | 25.06.2020 | No se presta | e. 2 |
